[Event "Chambery op 14th"]
[Site "Chambery"]
[Date "2008.08.04"]
[Round "3"]
[White "Holin, Yannick"]
[Black "Bende, Janos"]
[Result "0-1"]
[WhiteElo "1270"]
[BlackElo "1499"]
[PlyCount "36"]
[EventDate "2008.08.04"]
[EventType "swiss"]
[EventRounds "9"]
[EventCountry "FRA"]
[SourceTitle "EXT 2009"]
[Source "ChessBase"]
[SourceDate "2008.11.26"]
[SourceVersion "1"]
[SourceVersionDate "2008.11.26"]
[SourceQuality "1"]

1. d4 g6 2. c4 Bg7 3. Nf3 Nf6 4. e4 d6 5. Nc3 0-0 6. Be2 Nc6 7. 0-0 e5 8. Be3 Ng4 9. Bg5 h6 10. Bh4 g5 11. Bg3 h5 12. h3 Nh6 13. d5 Ne7 14. Nd2 g4 15. h4 f5 16. f3 f4 17. Bf2 g3 18. Be1 Ng6 0-1